Statistics for One Hit Wonders in Formula 1 - Polesitters

Click here to take the quiz!

General Stats

  • This quiz has been taken 213 times
    (46 since last reset)
  • The average score is 13 of 23

Answer Stats

Grand PrixNameCarNationality% Correct
2022 Hungarian Grand PrixGeorge RussellMercedesUK
100%
2022 Brazilian Grand PrixKevin MagnussenHaasDenmark
100%
2021 Russian Grand PrixLando NorrisMcLarenUK
100%
2020 Turkish Grand PrixLance StrollRacing PointCanada
98%
2012 Spanish Grand PrixPastor MaldonadoWilliamsVenezuela
95%
2008 Bahrain Grand PrixRobert KubicaBMW SauberPoland
93%
2008 British Grand PrixHeikki KovalainenMcLarenFinland
91%
2010 Brazilian Grand PrixNico HülkenbergWilliamsGermany
74%
2005 European Grand PrixNick HeidfeldWilliamsGermany
72%
1990 Hungarian Grand PrixThierry BoutsenWilliamsBelgium
60%
1973 South African Grand PrixDenny HulmeMcLarenNew Zealand
53%
1961 Italian Grand PrixWolfgang von TripsFerrariGermany
51%
1975 South African Grand PrixJosé Carlos PaceBrabhamBrazil
44%
1982 United States Grand Prix WestAndrea de CesarisAlfa RomeoItaly
42%
1966 French Grand PrixLorenzo BandiniFerrariItaly
42%
1959 Dutch Grand PrixJoakim BonnierBRMSweden
37%
1972 Canadian Grand PrixPeter RevsonMcLarenUnited States
35%
1974 Swedish Grand PrixPatrick DepaillerTyrrellFrance
33%
1975 Swedish Grand PrixVittorio BrambillaMarchItaly
28%
1975 British Grand PrixTom PryceShadowUnited Kingdom
23%
1980 United States Grand PrixBruno GiacomelliAlfa RomeoItaly
21%
1966 Italian Grand PrixMike ParkesFerrariUnited Kingdom
21%
1955 Belgian Grand PrixEugenio CastellottiLanciaItaly
19%

Score Distribution

Percentile by Number Answered

Percent of People with Each Score

Your Score History

You have not taken this quiz since the last reset